000 01062nac a22003497a 4500
001 BR0305705
003 BR-BrBNA
005 20240105122918.0
008 230509b bl.|||m| |||| 00| 0 por d
040 _aBR-BrBNA
_bpor
_cBiblioteca Nacional de Agricultura
072 _aP34; F62
090 _a1850 BR0305705
100 1 _aChu, E.Y.
100 1 _aBenchimol, R.L.
100 1 _aMaki, H.J.O.
110 1 _aEMBRAPA Amazônia Oriental, Belem, PA (Brasil)
245 1 _aEfeito de microorganismos benéficos no crescimento e nutrição mineral de mudas de tomate
260 3 _aBelém, PA (Brasil):
_c1998.
300 _a3 p.
490 _aPesquisa em Andamento - EMBRAPA Amazônia Oriental (Brazil)
_vno. 192
_xISSN 0101-5613
650 _aTOMATE
650 _aSEMEADURA
650 _aCRESCIMENTO
650 _aABSORÇÃO DE NUTRIENTES
650 _aMUDA
650 _aMICRORGANISMO
650 _aSOLO
650 _aSISTEMA RADICULAR
650 _aINOCULAÇÃO
909 _a202312
_bLúcia Elande
_c55
_dLúcia Elande
942 _2AGRIS
_n0
_cMS
999 _c293286
_d293286